| 000 | 00706nam a2200241Ia 4500 | ||
|---|---|---|---|
| 003 | OSt | ||
| 005 | 20220926000900.0 | ||
| 006 | a|||||r|||| 00| 0 | ||
| 007 | ta | ||
| 008 | 220923b |||||||| |||| 00| 0 eng d | ||
| 020 |
_a9788171396849 _c995.00 |
||
| 037 |
_bIN4311, 21/04/2017, R K Books _cGeneral Book |
||
| 040 |
_aRTL _cRTL _beng |
||
| 041 |
_2eng _aeng |
||
| 082 | _aU672(J), Q6 | ||
| 100 |
_aSINHA Vijoy K _9303156 |
||
| 245 | 0 | _aAgricultural Geography | |
| 260 |
_a New Delhi _bJnanada prakashan _c2016 |
||
| 300 |
_av,304p. _ccm. |
||
| 650 | _aGeography | ||
| 942 |
_hU672(J), Q6 _cGB _2CC |
||
| 999 |
_c599960 _d599960 |
||